000 00583nam a2200181Ia 4500
003 GCL
008 140319s9999 xx 000 0 ara d
040 _aGCL /
_cGCL
082 0 4 _a822.008
_bم م
100 1 _aمحمد عنانى
245 1 0 _aالمسرح الاانجليزى المعاصر /
_cمحمد عنانى
490 _aكتاب
_v0
650 0 4 _aالادب الانجليزى
650 0 4 _aالمسرح الانجليزى
650 0 4 _aالمسرحيات الانجليزية
650 0 4 _aالمسرحيات الانجليزية المترجمة
942 _2ddc
_cBK
999 _c41314
_d41314